Normal view
MARC view
Entry Personal Name
001 - CONTROL NUMBER
- control field: 4754
003 - CONTROL NUMBER IDENTIFIER
- control field: BD-RjUL
005 - DATE AND TIME OF LATEST TRANSACTION
- control field: 20220913110737.0
008 - FIXED-LENGTH DATA ELEMENTS
- fixed length control field: 220913|| aca||aabn | a|a d
040 ## - CATALOGING SOURCE
- Original cataloging agency: BD-RjUL
- Transcribing agency: BD-RjUL
100 ## - HEADING--PERSONAL NAME
- Personal name: الرحمن، فضل
670 ## - SOURCE DATA FOUND
- Source citation: Work cat.: (BD-RjUL)80338: سرهندي، احمد الشيخ # # Sarhindi, Ahmad Sheikh 4742, انتخاب مكتوبات شيخ احمد سرحدى = Selected Letters of Shaikh Ahmad Sirhindi /, 1968